000 00738nam0a22002531 4500
001 rc\2967143
005 20250806211740.0
035 _a(NLR Aleph) 007113531
090 _a68474
_c68474
100 _a20110905d1943 u y0rusy50 ca
101 0 _arus
102 _aRU
105 _ay z |||||
200 1 _aЗимой
_e[Стихи для детей]
210 _aЧелябинск
_cЧелябгиз
_d1943
215 _a6 с.
_d11 см
700 1 _aВысотская
_bО.И.
_f1903-1970
_gОльга Ивановна
801 0 _aRU
_bNLR
_gpsbo
801 1 _aRU
_bELAR
_2rusmarc
852 _aNLR
_j69-1/814
942 _cBOOK
945 _aРоссийская национальная библиотека
980 _aNB
980 _aBV